| 000 | 00812nam a22002297a 4500 | ||
|---|---|---|---|
| 005 | 20090603143730.0 | ||
| 008 | 090216t xxu||||| |||| 00| 0ceng d | ||
| 010 | _aENG-93838 | ||
| 020 |
_a8190271652 _c300.00 |
||
| 035 | _aEN-77371 | ||
| 037 | _bDBAD / PUB | ||
| 040 |
_adpl _bEnglish |
||
| 082 | _a920 | ||
| 100 | _aMehta, Shashi | ||
| 245 |
_aFamous women personalities of world / _cby Shashi Mehta |
||
| 260 |
_aDelhi _bPrudence Publishers _c2009 |
||
| 270 |
_a518/6B, 2nd Floor, Karkari Road, Vishwas Nagar, Shahdara _bDelhi _e110032 |
||
| 300 |
_a159p.: _c22cm(pbk) _bb&w photos |
||
| 942 |
_2ddc _cEN _mMEH _h920 |
||
| 999 |
_c27187 _d27187 |
||